| 000 | 00838nas a2200253Ia 4500 | ||
|---|---|---|---|
| 001 | R020/75121 | ||
| 003 | IT-RoPAU | ||
| 008 | 151124c99999999xx |||||||||||| ||und|| | ||
| 040 | _aIT-RoPAU | ||
| 040 | _cIT-RoPAU | ||
| 041 | _aITALIANO | ||
| 100 |
_aCiv'Jan Jurij _gCodice Aut. SPICS: 25914 |
||
| 210 | _aGRIFFITHIANA | ||
| 222 | _aGriffithiana | ||
| 245 |
_aGRIFFITHIANA, ANNO 11-N.32/33 (SETTEMBRE 1988) _bMuseo Del Cinema di Riga (Il) |
||
| 250 | _a1a ed. | ||
| 260 |
_aGEMONA (UDINE) _bCINETECA DEL FRIULI _c1988 |
||
| 501 |
_bPaulus - SPICS - Società San Paolo EM (non-commercial uses only) _cCopyright2015 |
||
| 300 | _a5 p. [155-159] | ||
| 362 | _aANNO 011, N.32/33 (SETTEMBRE 1988) | ||
| 500 | _aMuseo Delle Cere. Lanterna Magica. Immagini in Movimento. | ||
| 650 |
_aCINEMA _vPUBBLICAZIONE PERIODICA |
||
| 942 | _cCR | ||
| 999 |
_c129848 _d129848 |
||